Otsochodzi - Wszytkie Piosenki - Statystyki

Ogólne statystyki
  • Ten quiz został rozwiązany 8 razy
    7 od ostatniego zresetowania
  • Średni wynik to 47 z 118
Statystyki odpowiedzi
TTHE GRIND (DELUXE) % Poprawnych
0:00
83%
A & K
83%
Intro 2021
83%
Mów
83%
Paczkomat
83%
W Dół
83%
Worki W Tłum
83%
Za Dużo
83%
Amerykańskie Teledyski
67%
Biggie
67%
Ceha Joint (Skit)
67%
Kevin
67%
KFC
67%
Kiedyś Cię Znajdę
67%
KIEDYŚ CIĘ ZNAJDĘ (REMIX)
67%
Luty
67%
Moonwalk
67%
MVP
67%
Pada
67%
PATRZ NA NIEBO JAK PIERDOLNIE
67%
PIES FRANEK NA AUTO-TUNE 2 (SKIT)
67%
Pies Franek Na Auto-Tune (Skit)
67%
Poj*bane Stany
67%
Robię Taki Rap Od Kilku Lat Na Tarchominie
67%
SMS
67%
Taka Praca
67%
„Tak to leciało!"
67%
Tarcho Terror
67%
Waka Flocka
67%
Z Czym Do Ludzi?
67%
300 BANIEK
50%
Biały Mat
50%
BÓL
50%
Ceha Joint 2 (Skit)
50%
@champagnepapi
50%
Czarne Chmury
50%
DOM
50%
Do Zobaczenia, do Później
50%
Euforia
50%
Lifestyle
50%
New York Freestyle
50%
Nie / nie
50%
Nigdy już nie będzie jak kiedyś
50%
Nowy Kolor
50%
Piegi
50%
Podzielony
50%
Pomarańczowo
50%
Produkt
50%
RAP
50%
Transparentny
50%
Warsaw Local Boy
50%
WSZYSTKO MIJA
50%
WW
50%
WWA Melanż
50%
5 AM
33%
5AM IN Greece
33%
BLOK!
33%
$ Class
33%
Czego?!
33%
Dla mnie
33%
Kochaj Mnie Albo Rzuć
33%
Mini-show
33%
Mówią (2020)
33%
Nagrania (00:37)
33%
Ocean Blue
33%
Oopsy Daisy
33%
Outro
33%
Paleta Barw
33%
Potłuczone Szkła
33%
Przypadkiem
33%
Ruchy
33%
Slam / Steelo
33%
Trendsetting
33%
Wesołych Świąt
33%
Wizje
33%
WMTB
33%
Wszystko co mam
33%
0 Słów
17%
AHA
17%
Benjamin (Super Supreme Pizza)
17%
Bez '00
17%
Bon Voyage
17%
Folder
17%
Hai Ha
17%
Jak To Ma Być
17%
Jeżeli - Remix
17%
Kręcę*
17%
Lek
17%
Między nami
17%
Morze Łez
17%
Nienawidzą
17%
Od początku
17%
OMG
17%
Ostatnie
17%
Ostatni Kurs
17%
PLS (Design)
17%
Póki co
17%
Polepiony
17%
R.J.
17%
Sezon
17%
Stop
17%
SumieNIE
17%
Szacunek za Klasyk
17%
Szary Uśmiech
17%
Tel3f0ny
17%
To Koniec
17%
Tydzień
17%
Worldwide
17%
Yo Mamo!
17%
Za co?!
17%
Zielona Herbata (Wprowadzenie)
17%
Znowu Zamuliłem
17%
Dawaj Papier
0%
Kolejny Dzień
0%
Kwesta Nastawienia
0%
Panororama
0%
Widzisz Więcej
0%
Więcej Ruchów, Mniej.../ Mtkgngg
0%
Nie znaleziono quizów pasujących do podanych kryteriów
Rozkład punktacji
Procent ludzi z każdym wynikiem
Percentyl według liczby udzielonych odpowiedzi
Twoja historia wyników
Nie rozwiązałeś tego quizu od ostatniego zresetowania